| 000 | 00340nam a2200121Ia 4500 | ||
|---|---|---|---|
| 008 | 170224s9999 xx 000 0 und d | ||
| 245 | _aPerceived perspective taking: When others walk in our shoes. | ||
| 260 | _bJournal of Personality and Social Psychology | ||
| 260 | _c2014 | ||
| 300 | _a106:6 | ||
| 500 | _aJune | ||
| 650 | _xPsychology. | ||
| 999 |
_c316624 _d316624 |
||